000 00357nam a2200109Ia 4500
008 171204s9999 xx 000 0 und d
245 _aLippincott Illustrated Reviews Flash Cards: Microbiology:
245 _cCynthia Nau Cornelissen
260 _c2015
650 _xMicrobiology & Parasitology
856 _uhttp://down.ebook777.com/009/LipIllRevFlaCarMic.pdf
999 _c346382
_d346382